LIBRARY & INFORMATION CENTRE, KCAET, TAVANUR

ONLINE PUBLIC ACCESS CATALOGUE (OPAC)

Hand book on post harvest management of fruits and vegetables / (Record no. 13513)

MARC details
000 -LEADER
fixed length control field 00455cam a2200169ua 4500
041 ## - LANGUAGE CODE
Language code of text/sound track or separate title eng
082 ## - DEWEY DECIMAL CLASSIFICATION NUMBER
Classification number 631.56
Item number JOH/HA
100 ## - MAIN ENTRY--AUTHOR NAME
Personal name John, Jacob P .
245 ## - TITLE STATEMENT
Title Hand book on post harvest management of fruits and vegetables /
260 ## - PUBLICATION, DISTRIBUTION, ETC. (IMPRINT)
Place of publication New Delhi :
Name of publisher Daya Publishing House ,
Year of publication 2008.
300 ## - PHYSICAL DESCRIPTION
Number of Pages ; .
942 ## - ADDED ENTRY ELEMENTS (KOHA)
Koha item type Books
Holdings
Withdrawn status Lost status Damaged status Home library Current library Date acquired Full call number Accession Number Koha item type
      KAUAET KAUAET 07/04/2012 631.56 22001 Books
free website counter